130 losowych Flag świata - Statystyki

Ogólne statystyki
  • Ten quiz został rozwiązany 7 razy
  • Średni wynik to 101 z 130
Statystyki odpowiedzi
Obrazkowy Hint Odpowiedź % Poprawnych
Andora
100%
Angola
100%
Antarktyka
100%
Antigua i Barbuda
100%
Australia
100%
Austria
100%
Bahamy
100%
Bangladesz
100%
Barbados
100%
Belgia
100%
Belize
100%
Bhutan
100%
Bośnia i Hercegowina
100%
Brazylia
100%
Brytyjskie Wyspy Dziewicze
100%
Burundi
100%
Curaçao
100%
Czad
100%
Czarnogóra
100%
Czechy
100%
Dania
100%
Dżibuti
100%
Egipt
100%
Erytrea
100%
Estonia
100%
Etiopia
100%
Fidżi
100%
Filipiny
100%
Finlandia
100%
Francja
100%
Francuskie Terytoria Południowe i Antarktyczne
100%
Gabon
100%
Gambia
100%
Ghana
100%
Gibraltar
100%
Grecja
100%
Grenlandia
100%
Gruzja
100%
Guam
100%
Gujana Francuska
100%
Gwatemala
100%
Gwinea Bissau
100%
Gwinea Równikowa
100%
Haiti
100%
Hiszpania
100%
Holandia
100%
Holandia Karaibska
100%
Iran
100%
Irlandia
100%
Islandia
100%
Jamajka
100%
Japonia
100%
Jemen
100%
Jordania
100%
Kajmany
100%
Kambodża
100%
Kanada
100%
Katar
100%
Kolumbia
100%
Komory
100%
Korea Południowa
100%
Kuba
100%
Kuwejt
100%
Laos
100%
Lesotho
100%
Liban
100%
Libia
100%
Madagaskar
100%
Malawi
100%
Malediwy
100%
Malezja
100%
Mali
100%
Malta
100%
Maroko
100%
Mauretania
100%
Mauritius
100%
Meksyk
100%
Mikronezja
100%
Mjanma
100%
Namibia
100%
Niemcy
100%
Niger
100%
Nigeria
100%
Norwegia
100%
Nowa Kaledonia
100%
Nowa Zelandia
100%
Pakistan
100%
Palau
100%
Panama
100%
Paragwaj
100%
Peru
100%
Polska
100%
Portugalia
100%
Republika Południowej Afryki
100%
Republika Środkowoafrykańska
100%
Rosja
100%
Rumunia
100%
Saint Lucia
100%
Saint Vincent i Grenadyny
100%
Serbia
100%
Seszele
100%
Singapur
100%
Sint Maarten
100%
Słowacja
100%
Słowenia
100%
Somalia
100%
Sri Lanka
100%
Stany Zjednoczone
100%
Sudan
100%
Sudan Południowy
100%
Szkocja
100%
Szwajcaria
100%
Szwecja
100%
Tunezja
100%
Turcja
100%
Uganda
100%
Ukraina
100%
Urugwaj
100%
Wake
100%
Walia
100%
Watykan
100%
Węgry
100%
Wenezuela
100%
Wielka Brytania
100%
Wietnam
100%
Włochy
100%
Wybrzeże Kości Słoniowej
100%
Wyspa Man
100%
Wyspa Świętej Heleny
100%
Wyspy Marshalla
100%
Zambia
100%
Zimbabwe
100%
Eswatini
83%
Tajwan
83%
Afganistan
80%
Arabia Saudyjska
80%
Bułgaria
80%
Demokratyczna Republika Konga
80%
Grenada
80%
Turkmenistan
80%
Białoruś
75%
Botswana
75%
Cypr
75%
Dominikana
75%
Gwinea
75%
Hongkong
75%
Indonezja
75%
Irak
75%
Kazachstan
75%
Korea Północna
75%
Kosowo
75%
Mariany Północne
75%
Mołdawia
75%
Mozambik
75%
Oman
75%
Republika Zielonego Przylądka
75%
Rwanda
75%
Saint Pierre i Miquelon
75%
San Marino
75%
Senegal
75%
Surinam
75%
Vanuatu
75%
Wyspy Owcze
75%
Wyspy Salomona
75%
Benin
67%
Chiny
67%
Chorwacja
67%
Gujana
67%
Honduras
67%
Indie
67%
Irlandia Północna
67%
Izrael
67%
Jersey
67%
Kamerun
67%
Kenia
67%
Kirgistan
67%
Kostaryka
67%
Liechtenstein
67%
Martynika
67%
Nauru
67%
Nikaragua
67%
Papua Nowa Gwinea
67%
Reunion
67%
Saba
67%
Samoa Amerykańskie
67%
Sierra Leone
67%
Syria
67%
Tajlandia
67%
Tanzania
67%
Togo
67%
Tonga
67%
Trynidad i Tobago
67%
Wyspa Clippertona
67%
Wyspy Cooka
67%
Wyspy Kokosowe
67%
Wyspy Świętego Tomasza i Książęca
67%
Zjednoczone Emiraty Arabskie
67%
Salwador
60%
Uzbekistan
60%
Albania
50%
Algieria
50%
Armenia
50%
Bahrajn
50%
Bermudy
50%
Brytyjskie Terytorium Oceanu Indyjskiego
50%
Chile
50%
Dominika
50%
Falklandy
50%
Gwadelupa
50%
Johnston
50%
Kingman
50%
Kongo
50%
Liberia
50%
Łotwa
50%
Macedonia Północna
50%
Majotta
50%
Monako
50%
Mongolia
50%
Nepal
50%
Niue
50%
Palestyna
50%
Polinezja Francuska
50%
Portoryko
50%
Saint-Barthélemy
50%
Saint Kitts i Nevis
50%
Samoa
50%
Sint Eustatius
50%
To nie Norwegia Svalbard i Jan Mayen
50%
Tadżykistan
50%
Timor Wschodni
50%
Tokelau
50%
Turks i Caicos
50%
Wyspa Bożego Narodzenia
50%
Wyspa Norfolk
50%
Wyspy Dziewicze Stanów Zjednoczonych
50%
Guernsey
40%
To nie Norwegia Wyspa Bouveta
40%
Anguilla
33%
Aruba
33%
Makau
33%
Pitcairn
33%
Sahara Zachodnia
33%
To nie Francja Saint Martin
33%
Tuvalu
33%
Wyspy Alandzkie
33%
Brytyjskie Terytorium Antarktyczne
25%
Dhekelia
25%
Midway
25%
Montserrat
25%
Akrotiri
20%
Howland, Jarvis i Baker
20%
Anglia
0%
Argentyna
0%
Azerbejdżan
0%
Boliwia
0%
Brunei
0%
Burkina Faso
0%
To nie USA Dalekie Wyspy Mniejsze Stanów Zjednoczonych
0%
Ekwador
0%
Georgia Południowa i Sandwich Południowy
0%
Kiribati
0%
Litwa
0%
Luksemburg
0%
Navassa
0%
Palmyra
0%
Tristan da Cunha
0%
Wallis i Futuna
0%
Wyspa Wniebowstąpienia
0%
To nie Australia Wyspy Heard i McDonalda
0%
Nie znaleziono quizów pasujących do podanych kryteriów
Rozkład punktacji
Procent ludzi z każdym wynikiem
Percentyl według liczby udzielonych odpowiedzi
Twoja historia wyników
Nie rozwiązałeś tego quizu